A history of Iraq

Αποθηκεύτηκε σε:
Λεπτομέρειες βιβλιογραφικής εγγραφής
Κύριος συγγραφέας: Tripp, Charles
Μορφή: Βιβλίο
Γλώσσα:English
Δημοσίευση: Cambridge : Cambridge University Press, 2002
Έκδοση:2nd ed.
Θέματα:
Ετικέτες: Προσθήκη ετικέτας
Δεν υπάρχουν, Καταχωρήστε ετικέτα πρώτοι!

MARC

LEADER 00000nam a2200000 i 4500
001 1/63171
008 041019s2002 eng d
020 |a 0-521-52900-X 
035 |l 10074784 
040 |a GR-MY-UA  |b gre  |e aacr 
041 0 |a eng 
082 0 |a 956.704 
100 1 |a Tripp, Charles. 
245 1 2 |a A history of Iraq /  |c Charles Tripp 
250 |a 2nd ed. 
260 |a Cambridge :   |b Cambridge University Press,   |c 2002 
300 |a 324 p. 
504 |a Includes bibliographical references and index 
651 0 |a Iraq  |x History  |y 1921- 
852 |a INST  |b RHODES  |e 20041019  |h 956.704 TRI  |p 005400018397  |q 005400018397  |t BK  |y 0 
901 |a BIBL4-2004-3 
909 |a Ρ  |b 109979 
920 |a ΔΙΕΥΡΥΝΣΗ  |b ΕΠΕΑΕΚ ΙΙ-ΤΜΣ  |y ΡΟΔΟΣ  |z 2004-10 
970 |a ΚΟΥΛΑΚΙΟΤΗ  |b ΛΙΤΣΑ  |z 2004/10/19